Seconde-Histoire : Thème 2 Nouveau rapport au monde (XV-XVIe) - Statistiques

Statistiques générales
  • Ce quiz a été pris 105 fois
    86 depuis la dernière actualisation
  • Le résultat moyen est 30 sur 80
Statistiques - réponses
Hint Réponse % Correct
VRAI ou FAUX : Les historiens parlent de grandes découvertes. Faux
92%
Vers quelle direction partent-ils ? (Nord - Sud - Est - Ouest) Sud
81%
Quel océan explorent-ils ? Atlantique
79%
Quel est le premier pays européen à amorcer les "Grandes découvertes" Portugal
75%
En quelle année ? 1492
67%
De quel continent réalisent-ils la "découverte" ? Amérique
67%
Qui est alors le navigateur à la tête de l'expédition ? Christophe Colomb
67%
Vers quelle direction partent-ils ? (Nord - Sud - Est - Ouest) Ouest
67%
Quelle ville était au cœur du commerce entre l'Europe et l'Asie depuis sa "fondation" en 330 ? Constantinople
63%
Quel autre pays européen se lance également dans les expéditions au XVe siècle ? Espagne
63%
Quel pays/territoire espèrent-ils atteindre ? Inde
63%
Quelle est sa nationalité ? Portugal / Portugais
60%
Quel pays européen entreprend la conquête de l'Amérique centrale ? Espagne
58%
De quel continent réalisent-ils la "découverte" occidentale ? Afrique
56%
Comment appelle-t-on les conquérants espagnols ? (mot espagnol attendu) Conquistador
56%
VRAI ou FAUX : Ce débat met ainsi fin à l'esclavage en Amérique Faux
54%
VRAI ou FAUX : Le traité de Tordesillas signifie qu'uniquement les puissances ibériques participent aux expéditions. Faux
54%
VRAI ou FAUX : Le traitement des amérindiens s'améliore légèrement à la suite de ces échanges. Vrai
54%
Quel condiment, utilisé en cuisine, est notamment importé d'Asie en Europe ? Épices
52%
Quel navigateur réalise le premier tour du monde ? (malgré sa mort) Magellan
52%
Quel métal est au coeur des échanges entre l'Europe et l'Amérique ? Or / Argent
52%
Comment appelle-t-on l'action de diffuser la foi chrétienne ? évangéliser
50%
Quelle puissance européenne possède des colonies dans ce territoire mais également au Brésil ? Portugal
50%
De quelle région du monde viennent une partie de ces esclaves ? Afrique
48%
Par quoi sont également touchés, sans le savoir, les populations locales ? choc microbien
48%
VRAI ou FAUX : Sa démarche est appréciée par l’Église. Faux
48%
VRAI ou FAUX : Cet intellectuel remet en cause le catholicisme. Faux
46%
Quelle est l'une des raisons qui motivent les conquérants ? Or / Argent / Cité d'or / Gloire / Richesse
46%
Pour quelle couronne entame-t-il cette circumnavigation ? Espagne
44%
Comment s'appelle ce traité ? (nom de la ville attendue) Tordesillas
44%
Qui est alors le navigateur à la tête de l'expédition ? Vasco de Gama
40%
Quand cette cité est-elle conquise par les Ottomans ? 1453
38%
En quelle année ? 1494
38%
Qui est à la tête de cette expédition ? Cortes
35%
De quelle pratique, choquant les européens, sont-ils notamment adeptes ? Sacrifice humain
35%
VRAI ou FAUX : Cela signifie qu'il y a un oubli des thèmes médiévaux. Faux
33%
Quel espace (pays) sont-ils les premiers à atteindre par la mer ? Inde
33%
Peux-tu citer un explorateur français ? Jacques Cartier
33%
VRAI ou Faux : Cela témoigne de l'humanisme de l'artiste. Vrai
33%
Quel peuple domine alors politiquement cet espace ? Aztèque
31%
VRAI ou FAUX : Les politiques architecturales de la papauté, et de l'Eglise en générale, est appréciées par l'ensemble des européens. Faux
31%
VRAI ou FAUX : Cela arrive. Faux
31%
Qu'entreprend-t-il au sujet de la bible ? Sa traduction
31%
Quand la capitale est-elle conquise ? 1521
29%
Quelle plante est la base de l'économie de ce peuple en Amérique latine ? Canne à sucre
29%
Quel intellectuel du nord de l'Europe incarne la pensée humaniste par ses écrits et voyages ? Erasme
29%
Quelle modernisation technique permet la diffusion rapide de ces idées ? Imprimerie
29%
Comment s'appelle la chapelle réalisée par cet artiste italien ? Sixtine
29%
Quelle période historique sert de référence à ces artistes ? Antiquité
27%
En plus de Dieu, en quoi croit-il ? Homme
27%
Ces critiques donnent naissance à de nouvelle confession chrétienne. Comment appelle-t-on cela ? Protestantisme
27%
Quelle ville espagnole est alors la porte d'entrée en Europe de ces échanges? Séville
27%
Comment les Espagnols entreprennent-ils son extraction ? Esclavage / Esclave / Encomienda
25%
Quel moine, vivant au contact des amérindiens, est choqué par ces actions ? Las Casas
25%
Quel théologien allemand remet en cause cela ? Martin Luther
25%
Quel artiste italien est engagé par le pape afin de mettre ses talents au profit de l'Eglise ? Michel Ange
25%
Ce mouvement intellectuel se fait en parallèle d'un mouvement artistique. Comment s'appelle-t-il ? Renaissance
25%
Comment s'appelle la capitale de cet empire ? Tenochtitlan
25%
En quelle année ? 1498
23%
Par sa décision, qu'ont le droit de faire les personnes qui croisent le théologien ? le tuer
23%
Que publie-t-il afin de mettre à l'écrit ses idées ? 95 thèses
21%
Quel personnage biblique a presque un contact physique avec Dieu sur le plafond de cette chapelle ? Adam
21%
Comment appelle-t-on ce moment de débat qui a lieu en Espagne ? Controverse de Valladolid
19%
Quelle conséquence politique a notamment la division religieuse en Europe ? guerres de religions
19%
Quelle technique de représentation de l'espace, émergeant à cette période, est utilisée par les artistes ? Perspective
19%
En quelle année l'expédition lancée par lui se conclue-t-il malgré sa mort ? 1522
17%
En quelle année cela a-t-il lieu ? 1550
17%
Quelle pratique pécuniaire condamne-t-il ? Indulgence
17%
Comment appelle-t-on le fait de soutenir financièrement les artistes ? Mécénat
17%
Comment s'appelle l'empereur pris en otage par le conquérant espagnol ? Moctezuma
17%
Cela se traduit par l'émergence de différentes écoles. Quand apparaît le collège de France ? 1530
15%
Qui est alors l'empereur du Saint Empire Romain Germanique ? Charles Quint
15%
Quel astronome polonais démontre l'héliotropisme du système solaire ? Copernic
15%
Quelle est la réaction du pape a ces critiques ? Excommunication de Luther
15%
à qui s'oppose-t-il au sujet du devenir des Amérindiens ? Sepulveda
15%
Qu'entreprennent alors les espagnols afin de forcer la population locale à se rendre ? Siège de la ville
15%
En réponse, la papauté organise un concile afin de discuter de la religion. Où a lieu ce concile ? Trente
15%
En quelle année ? 1517
13%
Comment surnomme-t-on la nuit de fuite des espagnols de la capitale à la suite d'une rébellion de la population locale en 1520 ? Nuit triste
13%
Au-delà des paroles religieuses, sur quoi faut-il également baser le savoir ? Expérience
10%
Aucun quiz correspondant
Distribution des résultats
% des personnes avec chaque résultat
Percentile par nombre de réponses
Votre historique - résultats
Vous n’avez pas pris ce quiz depuis la dernière actualisation